00758cam a2200229 a 450000500170000000800410001701000150005802000260007303500130009903500170011203700130012904000130014208200080015510000190016324502000018226000450038227000700042730000220049765000030051965100030052270000030052520031230185550.0940308s1993 enkab b 001 0 eng  aENG-101621 c415.00a9788178129785 aEN-85152 aB-423357-366 bDBAD/PUB adplbEng a0001 aSurendra Kumar10aR. Gupta's popular master guide joint CSIR-UGC NET junior research fellowship and eligibility for lecturarship earth, atmospheric ocean and planetary sciences paper I and II / cby Surendra Kumar aNew DelhibRamesh Publishing Housec2011 a12-H, New Daryaganj Road, Opp. Traffic KotwalibNew Delhie110002 a472p.c24cm (pbk) 0